ট্রাভেলস অব ইবনে বতুতা / (Record no. 12634)
[ view plain ]
| 000 -LEADER | |
|---|---|
| fixed length control field | 00825nam a2200229 a 4500 |
| 001 - CONTROL NUMBER | |
| JCCL Control Number | 12634 |
| 003 - CONTROL NUMBER IDENTIFIER | |
| JCCL marc code | BD-JhCC |
| 005 - DATE AND TIME OF LATEST TRANSACTION | |
| control field | 20221023125510.0 |
| 008 - FIXED-LENGTH DATA ELEMENTS--GENERAL INFORMATION | |
| fixed length control field | 221023s2004 bg a|||| |||| 000 0 ban d |
| 020 ## - INTERNATIONAL STANDARD BOOK NUMBER | |
| International Standard Book Number | 9847762872 |
| 035 ## - SYSTEM CONTROL NUMBER | |
| system control number | (BD-JhCC)12634 |
| 040 ## - CATALOGING SOURCE | |
| Original cataloging agency | BD-JhCC |
| Modifying agency | BD-JhCC |
| 041 ## - LANGUAGE CODE | |
| Language code of Book | Bangla |
| 082 ## - DEWEY DECIMAL CLASSIFICATION NUMBER | |
| Classification number | 910.91767 |
| Author mark and Year | GIB 2004 |
| 100 ## - MAIN ENTRY--PERSONAL NAME | |
| Personal name | গিব, এইচ. এ. আর. |
| 245 ## - TITLE STATEMENT | |
| Title | ট্রাভেলস অব ইবনে বতুতা / |
| Statement of responsibility, etc | এইচ. এ. আর. গিব; ইফতেখার আমিন (অনু.) |
| 260 ## - PUBLICATION, DISTRIBUTION, ETC. (IMPRINT) | |
| Place of publication, distribution, etc | ঢাকা : |
| Name of publisher, distributor, etc | ঐতিহ্য, |
| Date of publication, distribution, etc | ২০০৪ |
| 300 ## - PHYSICAL DESCRIPTION | |
| Pagination | ২৮৭ পৃ. ; |
| Dimensions | ২২ সেমি. |
| Other physical details | চিত্রাবলী অন্তভূক্ত। |
| 650 ## - SUBJECT ADDED ENTRY--TOPICAL TERM | |
| Topical term or geographic name as entry element | Traveles |
| 700 ## - ADDED ENTRY--PERSONAL NAME | |
| Personal name | আমিন, ইফতেখার |
| 942 ## - ADDED ENTRY ELEMENTS (KOHA) | |
| Source of classification or shelving scheme | Dewey Decimal Classification |
| Koha item type | Books |
| Source of classification or shelving scheme | Damaged status | Not for loan | Home library | Current library | Shelving location | Date of accession | Cost, normal purchase price | Total Checkouts | Full call number | Barcode | Date last seen | Date checked out | Copy number | Koha item type |
|---|---|---|---|---|---|---|---|---|---|---|---|---|---|---|
| Dewey Decimal Classification | JCC Rouf Library | JCC Rouf Library | General Stacks | 10/23/2022 | 360.00 | 4 | 910.91767 GIB 2004 | 17389 | 02/26/2025 | 02/24/2025 | C-1 | Books |